Integrated Water Resource Planning: Achieving Sustainable Outcomes (Record no. 533747)
[ view plain ]
| 000 -LEADER | |
|---|---|
| fixed length control field | 00349nam a22001337a 4500 |
| 020 ## - INTERNATIONAL STANDARD BOOK NUMBER | |
| International Standard Book Number | 978-0415835480 |
| 040 ## - CATALOGING SOURCE | |
| Transcribing agency | MSOHAIL |
| 082 ## - DEWEY DECIMAL CLASSIFICATION NUMBER | |
| Classification number | 333.91 |
| Author Mark | BAL |
| 100 ## - MAIN ENTRY--PERSONAL NAME | |
| Personal name | Claudia Baldwin ; Mark Hamstead |
| 9 (RLIN) | 27722 |
| 245 ## - TITLE STATEMENT | |
| Title | Integrated Water Resource Planning: Achieving Sustainable Outcomes |
| 260 ## - PUBLICATION, DISTRIBUTION, ETC. | |
| Date of publication, distribution, etc. | c2015 |
| 300 ## - PHYSICAL DESCRIPTION | |
| Extent | 243;pxv |
| 942 ## - ADDED ENTRY ELEMENTS (KOHA) | |
| Source of classification or shelving scheme | |
| Koha item type | Book |
| Withdrawn status | Lost status | Source of classification or shelving scheme | Damaged status | Not for loan | Permanent Location | Current Location | Date acquired | Total Checkouts | Full call number | Barcode | Date last seen | Price effective from | Koha item type |
|---|---|---|---|---|---|---|---|---|---|---|---|---|---|
| School of Civil and Environmental Engineering (SCEE) | School of Civil and Environmental Engineering (SCEE) | 01/17/2020 | 333.91 BAL | NIT-13077 | 01/17/2020 | 01/17/2020 | Book |
